The Other Half: Science Terms A-Z Quiz Stats

 Plays Quiz Updated Aug 7, 2019

Score 0/26 Timer 04:00
1 Play Today
% Correct
Bang
92.7%
Way
92.4%
Eclipse
91.1%
XY
91.1%
Zero
90.3%
Matter
90.1%
Year
89.8%
Ozone
88.8%
Ultraviolet
88.6%
Fusion
88.5%
Plate
88.5%
Igneous
88.3%
Kinetic
88.2%
% Correct
Acid
87.6%
Velocity
87.3%
Jet
85.1%
Gamma
84.8%
Doppler
81.9%
Horizon
72.1%
Quantum
65.9%
Tissue
62.3%
Retrograde
61.4%
Null
57.6%
Singularity
55.8%
Central
36.8%
Lagrangian
29.6%

You're not logged in!

Compare scores with friends on all Sporcle quizzes.
OR
Log In

Sporcle TV

Today on Sporcle TV


Watch our educational content, quiz creation guides, and fun videos on Sporcle TV.

Show Comments

Extras

Top Quizzes Today


Score Distribution

Your Account Isn't Verified!

In order to create a playlist on Sporcle, you need to verify the email address you used during registration. Go to your Sporcle Settings to finish the process.

Report this User

Report this user for behavior that violates our Community Guidelines.

Details: